[Event "Asia-ch U14"]
[Site "Al Ain"]
[Date "2023.12.20"]
[Round "8"]
[White "Bolat, Inayat"]
[Black "Segizbayev, Iskander"]
[Result "1-0"]
[WhiteElo "2299"]
[BlackElo "1686"]
[PlyCount "69"]
[EventDate "2023.12.14"]
[EventType "swiss"]
[EventRounds "9"]
[EventCountry "UAE"]
[SourceTitle "EXT 2025"]
[Source "ChessBase"]
[SourceDate "2024.10.14"]
[SourceVersion "1"]
[SourceVersionDate "2024.10.14"]
[SourceQuality "1"]

1. e4 d6 2. d4 Nf6 3. Nc3 e5 4. Nge2 Nbd7 5. h3 Be7 6. g4 h6 7. Ng3 exd4 8. Qxd4 Ne5 9. Be2 Be6 10. f4 c5 11. Qf2 Nc6 12. Be3 Qa5 13. f5 Bd7 14. 0-0-0 0-0-0 15. h4 Ne5 16. g5 Nfg4 17. Bxg4 Nxg4 18. Qf4 Ne5 19. f6 gxf6 20. gxf6 Bf8 21. a3 h5 22. Nf5 Bxf5 23. Qxf5+ Kb8 24. Bf4 Bh6 25. Bxh6 Rxh6 26. Rhf1 Nc4 27. Rf3 Qb6 28. b3 Nxa3 29. e5 c4 30. Nd5 Qa5 31. exd6 cxb3 32. d7 b2+ 33. Kxb2 Nc4+ 34. Kb1 Qb5+ 35. Rb3 1-0

[Event "Asia-ch U14"]
[Site "Al Ain"]
[Date "2023.12.16"]
[Round "4"]
[White "Daakshin, Arun"]
[Black "Segizbayev, Iskander"]
[Result "1-0"]
[WhiteElo "2332"]
[BlackElo "1686"]
[PlyCount "100"]
[EventDate "2023.12.14"]
[EventType "swiss"]
[EventRounds "9"]
[EventCountry "UAE"]
[SourceTitle "EXT 2025"]
[Source "ChessBase"]
[SourceDate "2024.10.14"]
[SourceVersion "1"]
[SourceVersionDate "2024.10.14"]
[SourceQuality "1"]

1. d4 Nf6 2. c4 e6 3. Nc3 d5 4. cxd5 exd5 5. Bg5 Bb4 6. e3 h6 7. Bh4 g5 8. Bg3 Ne4 9. Nge2 h5 10. h4 Nxg3 11. Nxg3 gxh4 12. Nxh5 c6 13. Nf4 Qg5 14. Qa4 Bxc3+ 15. bxc3 Nd7 16. Bd3 Nb6 17. Qb4 Bf5 18. Qd6 Bxd3 19. Nxd3 Nc4 20. Qc7 Nxe3 21. Ne5 Nxg2+ 22. Kf1 0-0 23. Nd3 Kh7 24. Qe5 Rg8 25. Qxg5 Rxg5 26. Rb1 b6 27. Rh2 Rag8 28. Rb2 f6 29. Re2 Nf4 30. Re7+ R8g7 31. Rxg7+ Kxg7 32. Nxf4 Rg4 33. Rg2 Rxg2 34. Nxg2 c5 35. Nxh4 cxd4 36. cxd4 Kh6 37. Ke2 Kg5 38. Ng2 Kf5 39. Kd3 b5 40. Ne3+ Ke6 41. a3 a5 42. Kc3 f5 43. f4 Kd6 44. Nxf5+ Ke6 45. Ne3 b4+ 46. axb4 axb4+ 47. Kxb4 Kd7 48. Kc5 Kc8 49. Kxd5 Kb8 50. f5 Ka7 1-0